KOHA-Header-6

DeMark Indicators (Bloomberg Market Essentials: Technical Analysis) (Record no. 12334)

000 -LEADER
fixed length control field 00315nam a22001217a 4500
020 ## - INTERNATIONAL STANDARD BOOK NUMBER
ISBN 9781576603147
082 ## - DEWEY DECIMAL CLASSIFICATION NUMBER
Classification number 332.63
100 ## - MAIN ENTRY--AUTHOR NAME
Personal name Thomas R. DeMark
245 ## - TITLE STATEMENT
Title DeMark Indicators (Bloomberg Market Essentials: Technical Analysis)
260 ## - PUBLICATION, DISTRIBUTION, ETC. (IMPRINT)
Place of publication New York
Name of publisher Bloomberg
Year of publication 2008
300 ## - PHYSICAL DESCRIPTION
Number of Pages 224 pages.
942 ## - ADDED ENTRY ELEMENTS (KOHA)
Koha item type Books
Holdings
Withdrawn status Lost status Collection code Permanent Location Current Location Shelving location Date acquired Full call number Accession Number Koha item type
    Economics MAJU MAJU Shelf No.A48 2020-03-06 332.63 9532 Economics

Powered by Koha